[Event "GER-ch Youth U14 2020"]
[Site "Willingen"]
[Date "2020.10.22"]
[Round "4.5"]
[White "Bui, Bao Anh Le"]
[Black "Farokhi, Keyvan"]
[Result "1-0"]
[WhiteElo "2149"]
[BlackElo "2001"]
[Annotator "TA"]
[PlyCount "67"]
[EventDate "2020.10.20"]
[EventType "swiss"]
[EventRounds "7"]
[EventCountry "GER"]
[SourceTitle "playchess.com"]
[Source "ChessBase"]
[SourceQuality "1"]

{[%evp 10,66,39,36,35,17,25,0,0,0,0,-5,-5,-23,0,-12,53,14,24,20,82,74,84,62,132,112,118,40,122,122,158,151,163,156,143,157,162,161,154,148,230,207,258,252,450,445,514,513,650,623,29994,29995,29995,29996,29996,29996,29997,29990,29999]} 1. e4 e5 2. Nf3 Nc6 3. Bc4 Nf6 4. d3 h6 5. c3 d6 6. Nbd2 {[%cal Bb1d2,Bd2f1,Bf1e3][%mdl 32]} g5 {C55: Two Knights: 4 d3, 4 d4 exd4 5 e5 and Max Lange Attack.} 7. Nf1 g4 8. Ng1 {[#]} d5 $146 {The position is equal.} ({Predecessor:} 8... Na5 9. Bb5+ Bd7 10. Bxd7+ Qxd7 11. Ng3 d5 12. N1e2 O-O-O 13. Qc2 dxe4 14. dxe4 Nc4 {0-1 (40) Rozentalis,E (2568)-Krishnater,K (2329) Heraklion 2019}) 9. exd5 Nxd5 10. Ne3 Nb6 11. Bb3 h5 12. a4 Bh6 (12... a5 $11) 13. h3 {[%cal Rh3g4]} (13. a5 $5 {[%cal Ra5b6]} Nd7 14. Ne2 $14) 13... Bxe3 14. Bxe3 {Strongly threatening hxg4.} Nd5 {[#]} (14... Rg8 $11) 15. hxg4 $1 $16 Nxe3 16. fxe3 h4 (16... e4 $14) 17. Qf3 $36 {[%csl Gb3][%cal Rf3f7][%mdl 2048] Black is under strong pressure.} Qe7 18. g3 (18. g5 $16) 18... Rg8 ({Black should play} 18... e4 $1 $14 19. Qxe4 Qxe4 20. dxe4 Ne5) 19. Rxh4 Be6 {[#]} 20. Bxe6 $1 Qxe6 21. Qf5 Qxf5 22. gxf5 Rxg3 23. Kf2 Rg8 24. Nf3 Ke7 (24... O-O-O $16) 25. b4 $18 a6 26. Rah1 b5 $2 (26... Rad8 27. b5 axb5) 27. Rh6 f6 28. Rh7+ Kd6 29. Nd2 {Intending Ne4+ and mate.} Rgd8 30. Ne4+ {White mates.} Kd5 31. Nxf6+ Kd6 32. Ne4+ Kd5 33. a5 Rf8 34. Rd7# {Av CentiPawn Loss W=90/B=-68. Weighted=21/-64} 1-0

[Event "GER-ch Youth U14 2020"]
[Site "Willingen"]
[Date "2020.10.22"]
[Round "4.6"]
[White "Chassard, Cedric"]
[Black "Foerster-Yialamas, Lucas"]
[Result "1/2-1/2"]
[WhiteElo "1916"]
[BlackElo "2033"]
[Annotator "TA"]
[PlyCount "132"]
[EventDate "2020.10.20"]
[EventType "swiss"]
[EventRounds "7"]
[EventCountry "GER"]
[SourceTitle "playchess.com"]
[Source "ChessBase"]
[SourceQuality "1"]

{[%evp 9,132,0,6,7,27,29,63,66,59,57,65,0,8,0,-7,-11,0,-4,14,5,16,14,15,11,22,0,8,0,29,-8,13,-18,-6,-18,-18,-95,-91,-104,-61,-57,-59,-121,-116,-104,-75,-119,-121,-116,-57,-71,0,-116,-51,-50,-56,-70,-51,-69,-64,-55,-10,-52,0,-37,-42,-37,-31,-49,0,0,0,0,0,0,22,22,25,21,20,0,47,47,47,47,47,47,47,33,33,33,33,33,33,21,21,21,21,21,21,21,21,21,121,121,121,121,121,121,124,8,8,8,45,45,45,45,45,8,45,45,45,45,45,45,45]} 1. e4 c5 2. Nf3 d6 3. Bb5+ Nd7 4. Ba4 Ngf6 5. O-O a6 6. c4 {B51: Sicilian: Moscow Variation (3 Bb5+) without 3...Bd7.} e5 7. Nc3 g6 8. d3 Bg7 9. h3 O-O {[#]} 10. Bxd7 $146 (10. Rb1 $14) ({Predecessor:} 10. Be3 h6 11. a3 Nb6 12. Bc2 a5 13. b4 axb4 14. axb4 Rxa1 15. Qxa1 cxb4 16. Na4 {0-1 (43) Djidjeli,S (2074)-Hejazipour,M (2300) Europe Echecs INT 2020}) 10... Bxd7 $11 11. a4 b6 12. Nh2 Nh5 13. Nd5 Be6 14. Be3 Bxd5 15. cxd5 Qd7 16. Rb1 Nf4 17. Bxf4 exf4 18. Nf3 h6 19. Kh2 f5 20. Nh4 fxe4 {aiming for ...g5.} 21. dxe4 Kh7 22. Qg4 (22. Re1 $11) 22... Qxg4 $17 23. hxg4 Bf6 24. Nf3 b5 25. Nd2 (25. axb5 $15 axb5 26. Rfe1) 25... c4 26. Rfc1 Bd4 27. f3 Rfc8 28. Rc2 Rc7 (28... Rab8 $17) 29. Ra1 {Threatens to win with axb5.} Rcc8 30. Rb1 $1 Ra7 (30... Rab8 $17) 31. Nb3 $15 Bb6 32. Rd1 $1 Rac7 33. Nd4 Bxd4 $1 34. Rxd4 {[%mdl 4096] Endgame KRR-KRR} b4 35. b3 {[%cal Rb3c4]} a5 (35... cxb3 36. Rxc7+ Rxc7 37. Rxb4 $16) ({Black should try} 35... Kg7 $15) 36. bxc4 Kg7 37. e5 dxe5 38. Rd1 Rd7 39. c5 {Strongly threatening c6.} b3 40. Rc3 {Black must now prevent c6.} b2 41. d6 Rc6 42. Rb1 {[#]} Rdxd6 $1 {[%mdl 512]} 43. Rxb2 (43. cxd6 Rxc3) 43... Rd4 44. Rb6 Rxb6 45. cxb6 $11 {KR-KR} Rb4 46. Rc5 {And now Rb5 would win.} Rxb6 47. Rxe5 Ra6 48. g3 fxg3+ $1 49. Kxg3 g5 50. Rc5 Kf7 51. f4 gxf4+ 52. Kxf4 Ke7 53. Kg3 Kf6 54. Kh4 Kg6 55. Rb5 Ra7 (55... Kg7 $11 {remains equal.}) 56. Rb6+ $16 Kg7 57. Kh5 Rc7 58. Rg6+ ({But not} 58. Rxh6 $6 Rc4 $11) 58... Kf7 {[#]} 59. Rxh6 (59. Kxh6 Rc4) ({White must play} 59. Ra6 $1 $16) 59... Rc4 $11 60. Rh7+ Kg8 61. Ra7 Rxa4 62. g5 Rf4 63. Rxa5 Rf8 64. Ra7 {White is slightly better.} Rb8 65. Kh6 Rb6+ 66. g6 {White wants to mate with Ra8+.} Rb8 {Av CentiPawn Loss W=-13/B=-12. Weighted=-14/-13} 1/2-1/2

[Event "GER-ch Youth U14 2020"]
[Site "Willingen"]
[Date "2020.10.22"]
[Round "4.7"]
[White "Tham, Nam"]
[Black "Ohler, Julius"]
[Result "0-1"]
[WhiteElo "1890"]
[BlackElo "2011"]
[Annotator "TA"]
[PlyCount "102"]
[EventDate "2020.10.20"]
[EventType "swiss"]
[EventRounds "7"]
[EventCountry "GER"]
[SourceTitle "playchess.com"]
[Source "ChessBase"]
[SourceQuality "1"]

{[%evp 12,102,10,8,18,19,8,11,13,12,11,11,25,11,20,14,25,-18,6,-3,7,5,4,0,14,-100,-100,-101,-108,-125,-119,-138,-114,-134,-108,-114,-114,-141,-143,-156,-122,-145,-130,-237,-131,-124,-128,-229,-158,-146,-141,-364,-393,-350,-403,-400,-393,-382,-381,-401,-402,-401,-376,-377,-318,-617,-609,-642,-635,-691,-687,-661,-634,-691,-668,-636,-518,-722,-722,-791,-773,-1279,-1270,-1320,-1179,-5073,-1753,-8847,-789,-12825,-10970,-29990,-29991]} 1. e4 c6 2. Nc3 d5 3. Nf3 Bg4 4. h3 Bxf3 5. Qxf3 e6 6. d4 Nf6 7. Bg5 Be7 {B11: Caro-Kann: Two Knights Variation.} 8. O-O-O dxe4 9. Nxe4 Nxe4 {The position is equal.} 10. Bxe7 Qxe7 11. Qxe4 Nd7 12. Kb1 Nf6 13. Qf3 O-O-O {[#]} 14. g4 $146 ({Predecessor:} 14. a3 Rd5 15. Bc4 Rf5 16. Qe2 Nd5 17. g4 Rf4 18. Bxd5 cxd5 {0-1 (49) Eizaguerri Floris,M (2075)-Monell Camarasa,D (2250) Torredembarra 2017}) 14... h6 15. Bg2 Rhe8 16. Rhe1 Qc7 17. c4 Kb8 18. d5 (18. a3 $11) 18... exd5 $17 19. Rxe8 Rxe8 20. cxd5 Nxd5 21. Qb3 Nb6 22. Bf3 f6 23. Qd3 Re7 24. Qh7 a6 25. Be4 Ka7 26. f3 Qe5 27. b3 (27. Qg8 $17) 27... Qc3 (27... Qa5 $19 {Strongly threatening ...Nd5.} 28. Rc1 Qb4) 28. Qg8 {[#]} Nd5 $1 $40 {[%mdl 640] Black wants a kill.} 29. Rc1 (29. Qd8 $17) (29. Bxd5 Re2) 29... Qd4 {Hoping for ...Nc3+.} 30. Qf8 Rd7 31. Qe8 $2 {[#] Loses the game.} (31. Qc5+ $17 Qxc5 32. Rxc5) 31... Rd8 $1 $19 {[%mdl 512]} 32. Qxd8 Nc3+ {[%mdl 64] Discovered Attack} 33. Rxc3 Qxd8 {[%mdl 4096] Endgame KQ-KRB} 34. Rd3 Qe7 35. h4 {[#]} f5 $1 36. Bxf5 {White hopes to continue with h5.} Qxh4 37. Be4 Qf6 38. a3 $2 (38. Rd7) 38... g6 39. Rd7 h5 40. gxh5 gxh5 41. Rh7 h4 42. b4 Kb8 43. Kc2 Qf4 44. Kb3 Qg3 45. a4 h3 46. b5 axb5 47. axb5 cxb5 48. Rxb7+ Kc8 49. Rh7 h2 (49... Qg8+ $142 50. Kb4 {[#]} Qxh7 $1 {[%mdl 576] Promotion} 51. Bxh7 h2 52. Kxb5 h1=Q 53. Bf5+ Kc7) 50. Bb7+ Kb8 {( -> ...Qg8+)} 51. Kb4 Qe1+ {Av CentiPawn Loss W=-134/B=-84. Weighted=-126/-46} 0-1

[Event "GER-ch Youth U14 2020"]
[Site "Willingen"]
[Date "2020.10.22"]
[Round "4.8"]
[White "Kort, Felix"]
[Black "Stork, Christopher"]
[Result "0-1"]
[WhiteElo "1823"]
[BlackElo "1869"]
[Annotator "NA RC"]
[PlyCount "80"]
[EventDate "2020.10.20"]
[EventType "swiss"]
[EventRounds "7"]
[EventCountry "GER"]
[SourceTitle "playchess.com"]
[Source "ChessBase"]
[SourceQuality "1"]
[TimeControl "40/5400+30:1800+30"]

{[%evp 11,59,15,12,-43,25,0,70,66,66,55,116,68,132,66,79,64,116,124,124,32767,137,88,89,82,97,32767,-2,32767,-9,-30,32767,32767,-72,32767,-34,32767,32767,32767,32767,32767,32767,32767,32767,32767,32767,0,0,0,0,-692]} 1. d4 {[%emt 0:00:00]} Nf6 {[%emt 0:00:00]} 2. c4 {[%emt 0:00:00]} c5 {[%emt 0:00:00]} 3. d5 {[%emt 0:00:00]} g6 {[%emt 0:00:13]} 4. Nc3 {[%emt 0:00:08]} Bg7 {[%emt 0:00:27]} 5. e4 {[%emt 0:00:35]} O-O {[%emt 0:00:39]} 6. f4 {[%emt 0:08:12] E70: King's Indian: Miscellaneous lines with 4 e4, including 5 Nge2 and 5 Bd3 0-0 6 Nge2.} d6 {[%emt 0:02:49]} 7. h3 {[%emt 0:03:57]} Nbd7 {[%emt 0:05:17]} (7... e5 $15 8. fxe5 Nh5) 8. Nf3 {[%emt 0:01:03]} Qc7 {[%emt 0:02:39]} ({Black should play} 8... Nh5 $11) 9. Bd3 {[%emt 0:03:01]} a6 {[%emt 0:08:18]} 10. O-O {[%emt 0:02:06] [#]} e6 $146 {[%emt 0:02:42]} (10... b5 $1 $14) ({Predecessor:} 10... b6 11. Be3 Bb7 12. Qd2 e6 13. Rae1 exd5 14. exd5 Rae8 15. Ng5 Qd8 16. g4 h5 17. Qg2 Re7 18. gxh5 Nxh5 {0-1 (42) Martinez Torres,J (1495)-Llaneras Henarejos,M (1643) Benidorm 2017}) 11. Re1 {[%emt 0:04:37]} (11. dxe6 $16 fxe6 12. Ng5) 11... exd5 {[%emt 0:02:52]} (11... e5 $14) 12. cxd5 {[%emt 0:02:01]} ({Don't play} 12. exd5 $6 b5 $11) 12... Re8 {[%emt 0:03:12]} 13. a4 {[%emt 0:01:46]} b6 {[%emt 0:06:24]} 14. Bc4 {[%emt 0:09:01]} Bb7 {[%emt 0:01:59]} 15. Qd3 {[%emt 0:14:06]} Rad8 {[%emt 0:17:21]} 16. Bxa6 {[%emt 0:07:43]} Bxa6 {[%emt 0:04:08]} 17. Qxa6 {[%emt 0:00:50]} c4 {[%emt 0:01:43]} 18. Be3 {[%emt 0:16:43]} Nxe4 {[%emt 0:04:09]} (18... Ra8 $5 19. Qb5 $8 (19. Nb5 $2 Qb8 $19) 19... Nxe4 20. Nxe4 Rxe4 $11) 19. Bd4 {[%emt 0:02:10]} Bxd4+ {[%emt 0:05:37]} 20. Nxd4 {[%emt 0:01:54]} Qc5 {[%emt 0:04:05]} 21. Rad1 {[%emt 0:06:03]} Nxc3 {[%emt 0:06:12]} 22. bxc3 {[%emt 0:00:51]} Qxd5 {[%emt 0:02:30]} 23. Qa7 {[%emt 0:02:40]} Nc5 {[%emt 0:02:42]} 24. Qxb6 {[%emt 0:04:34]} Nd3 {[%emt 0:01:19]} 25. Rxe8+ {[%emt 0:01:01]} Rxe8 {[%emt 0:00:02]} 26. Qb5 {[%emt 0:01:40]} Qe4 {[%emt 0:01:39]} 27. Rf1 {[%emt 0:02:01]} Qe3+ {[%emt 0:06:31]} 28. Kh1 {[%emt 0:00:56]} Re4 {[%emt 0:00:39]} 29. Qb8+ {[%emt 0:02:23]} Kg7 {[%emt 0:00:31]} 30. f5 $19 {[%emt 0:00:45]} (30. Rf3 $11 Qe1+ 31. Kh2 Rxf4 32. Rxf4) 30... Qg3 {[%emt 0:05:39]} 31. f6+ {[%emt 0:00:52]} Kh6 {[%emt 0:00:05]} 32. Qf8+ {[%emt 0:00:37]} Kh5 {[%emt 0:01:50]} 33. Nf3 {[%emt 0:00:58]} Re2 {[%emt 0:00:32]} 34. Ne1 {[%emt 0:01:03]} Nxe1 {[%emt 0:00:42]} 35. Rf5+ {[%emt 0:00:30]} gxf5 {[%emt 0:00:09]} 36. Qxf7+ {[%emt 0:00:07]} Qg6 {[%emt 0:00:04]} 37. g4+ {[%emt 0:00:21]} fxg4 {[%emt 0:00:22]} 38. hxg4+ {[%emt 0:00:10]} Kxg4 {[%emt 0:00:19]} 39. Qd7+ {[%emt 0:01:00]} Kh4 {[%emt 0:00:16]} 40. Qc6 {[%emt 0:01:02]} Qg2+ {[%emt 0:00:52]} 0-1

[Event "GER-ch Youth U14 2020"]
[Site "Willingen"]
[Date "2020.10.22"]
[Round "4.9"]
[White "Huo, Da"]
[Black "Hommer, Jeremy"]
[Result "1-0"]
[WhiteElo "1868"]
[BlackElo "2246"]
[Annotator "TA"]
[PlyCount "79"]
[EventDate "2020.10.20"]
[EventType "swiss"]
[EventRounds "7"]
[EventCountry "GER"]
[SourceTitle "playchess.com"]
[Source "ChessBase"]
[SourceQuality "1"]

{[%evp 12,79,43,16,22,-8,-11,-37,-6,-9,0,-3,-16,-60,-56,-45,-20,-22,-7,-24,-6,-32,-16,-54,-5,-120,-83,-78,-68,-162,-109,-111,-93,-100,-108,-112,-95,-110,-39,-48,-63,-108,-62,-57,-54,-134,-114,-157,-150,-652,-221,-355,-41,-50,185,177,167,176,158,170,177,0,0,0,189,13,4,-29,0,-8]} 1. e4 c6 2. Nc3 d5 3. Nf3 dxe4 4. Nxe4 Nf6 5. Nxf6+ exf6 6. d4 Bd6 7. Be3 O-O {B15: Caro-Kann: 3 Nc3: 3...g6 and 3...dxe4 4 Nxe4 Nf6 5 Nxf6+ exf6.} 8. Qd2 Re8 9. Bd3 Nd7 {Black is slightly better.} 10. O-O Nf8 {[#]} 11. Rfe1 $146 ({Predecessor:} 11. Bf4 Bg4 12. Bxd6 Qxd6 13. Nh4 Rad8 14. h3 Bc8 15. c3 c5 16. Rad1 cxd4 17. cxd4 {1-0 (54) Petrossian,A (2409)-Astaneh Lopez,A (2430) Balagna 2019}) 11... Ng6 12. Bf1 Bg4 13. Be2 Be6 14. c4 Qe7 {With the idea ...Bb4.} 15. Qc1 Rac8 16. Bf1 b5 17. Nd2 f5 18. Nb3 (18. Nf3 $11) 18... bxc4 19. Bxc4 Qc7 ({But not} 19... Bxc4 20. Qxc4 Qc7 21. h3 $15) 20. g3 ({White should try} 20. Bd2 $15) 20... f4 (20... Bxc4 $19 21. Qxc4 f4 22. Bxf4 (22. Bd2 fxg3 23. fxg3 Bxg3 $17 {[%mdl 64] Double Attack}) 22... Bxf4 23. gxf4 Qxf4 24. Rxe8+ Rxe8 25. Qxc6 Re6 26. Qa8+ Nf8) 21. Bxe6 $17 fxe6 22. gxf4 Nxf4 23. Bxf4 Bxf4 24. Qc4 Kh8 ({Black should play} 24... Qe7 $17 25. f3 Qg5+ 26. Kh1 Qh5 $1 {[%mdl 512]}) 25. h3 Qf7 26. Qd3 Qh5 27. Nc5 e5 $1 28. Re4 (28. Kg2 $15) 28... Rcd8 29. Rae1 {[%cal Ba1e1,Be1e3,Be3f3][%mdl 32] Black should prevent Qe2.} Rf8 30. Kh1 $2 (30. Kf1 $17 exd4 {[%mdl 64] Discovered Attack} 31. Ne6) 30... Rd6 $2 (30... exd4 31. Rxf4 Rxf4) 31. b4 (31. R1e2 {was necessary.}) 31... Rh6 $2 (31... exd4 $19 {And now ...Be3! would win.} 32. Rg1 Be5) 32. dxe5 $15 Qg4 $2 {[#]} (32... Qf5 $15 {keeps the upper hand.} 33. R4e3 Bxe3 34. Qxf5 Rxf5 35. Rxe3 Rxf2) 33. R1e3 $1 $18 {[%mdl 576] Threatens to win with e6. Pin} Qg5 {[#] ...Rg6 is the strong threat.} (33... Bxe3 34. Rxg4) 34. Rf3 $1 {aiming for Rexf4!} Rg6 {[%csl Gg6][%cal Rg5g2]} 35. Qf1 {Black must now prevent Nd3.} Kg8 36. Qc4+ Kh8 $1 {[%csl Gg6][%cal Rg5g2]} 37. Qf1 {Hoping for Nd3.} Kg8 $1 38. e6 $2 ({Better is} 38. Nd7 $18 Rf5 39. a3 (39. e6 Bd6 $16)) 38... Bd6 $11 39. Rxf8+ Bxf8 40. f3 {[%mdl 32768] Av CentiPawn Loss W=-37/B=-54. Weighted=-38/-80. Loss on time!?} 1-0

[Event "GER-ch Youth U14 2020"]
[Site "Willingen"]
[Date "2020.10.22"]
[Round "4.10"]
[White "Haack, Kevin"]
[Black "Bilous, Danylo"]
[Result "1-0"]
[WhiteElo "2209"]
[BlackElo "1723"]
[Annotator "TA"]
[PlyCount "105"]
[EventDate "2020.10.20"]
[EventType "swiss"]
[EventRounds "7"]
[EventCountry "GER"]
[SourceTitle "playchess.com"]
[Source "ChessBase"]
[SourceQuality "1"]

{[%evp 19,105,54,39,15,23,-15,-7,-12,-4,-26,-12,-56,-8,-20,-21,-33,-19,-40,52,0,0,0,0,0,18,11,22,12,25,23,28,10,35,15,102,25,89,71,87,66,47,-90,-96,-90,0,0,0,0,0,0,93,109,82,92,236,228,252,226,866,858,789,784,675,654,1487,1477,767,552,522,484,1526,562,505,432,2622,1870,2647,2643,1601,1449,1338,1288,29990,29991,29997,29998,29998,29999]} 1. c4 Nf6 2. Nc3 d5 3. cxd5 Nxd5 4. g3 g6 5. Bg2 Nb6 6. Nf3 Bg7 7. O-O Nc6 8. d3 O-O 9. Bg5 f6 10. Be3 e5 11. Qb3+ {A16: English Opening: 1...Nf6 with ...d5.} Kh8 12. Rfd1 {[#]} (12. Rac1 {seems wilder.} Re8 13. Ne4 Be6 14. Qc2 Bd5 15. Rfe1) 12... Nd4 $146 ({Predecessor:} 12... Qe7 13. d4 exd4 14. Nxd4 Nxd4 15. Bxd4 Be6 16. Qc2 c6 17. Ne4 Rfd8 18. Bc5 Qc7 {½-½ (54) Brodowski,P (2439)-Sieciechowicz,M (2438) Szczawno Zdroj 2018}) 13. Bxd4 $1 {The position is equal.} exd4 14. Ne4 Re8 15. Qc2 Bd7 (15... f5 $5 {[%cal Rf5e4]} 16. Nc5 c6 $15) 16. Nc5 Bc6 17. Nb3 f5 18. Qd2 Bxf3 (18... Bd5 $15) 19. Bxf3 (19. exf3 $14 Nd5 20. f4) 19... c6 20. a4 {[%cal Ba2a4,Ba4a5][%mdl 32]} Nd5 21. Rdc1 Qd6 22. a5 f4 23. Nc5 {[%cal Bb3c5,Bc5e4,Be4g5][%mdl 32]} Re7 24. Ne4 Qc7 25. Rc4 Rf8 26. g4 h5 (26... a6 $11) 27. h3 ({Better is} 27. gxh5 $16 gxh5 28. Kh1 (28. Bxh5 Be5 $17)) 27... hxg4 (27... Qd7 $11 {remains equal.}) 28. hxg4 $16 Be5 29. Ng5 {Black must now prevent Bxd5.} Ne3 30. fxe3 (30. Rcc1 $14 {stays ahead.} Ree8 31. Qe1 (31. fxe3 Qe7 $14)) 30... fxe3 $17 31. Qb4 {aiming for Kg2.} Bd6 (31... Bh2+ $1 $17 32. Kh1 Bd6) 32. Rc5 $1 $11 Bxc5 33. Qxc5 {Hoping for Kg2.} Qg3+ 34. Bg2 {[#]} Qf2+ (34... Rf2 $1 $11 {[%mdl 512]} 35. Qxd4+ Rg7 36. Qd8+ Rg8 37. Qd4+ {[%mdl 64] Double Attack} Rg7 38. Qd8+ Rg8 39. Qd4+ {[%mdl 64] Double Attack} Rg7) 35. Kh1 $16 Qh4+ {[#]} 36. Nh3 $1 ({Stronger than} 36. Bh3 Rfe8 $17) 36... Rd8 {Black cannot hold the game after this.} (36... Rf2 $16 {might work better.}) 37. Kh2 Kg7 38. Rf1 Rf7 $2 (38... Rdd7 39. Rf4 (39. Qxa7 Qxg4 40. Qb8 Rf7 $14) 39... Rf7) 39. Qe5+ $18 Kf8 40. Rxf7+ Kxf7 41. g5 Qh8 42. Qc7+ {[%mdl 64] Double Attack} Ke6 43. Qxb7 Qe5+ 44. Kh1 Qc5 (44... Rb8 $142 45. Qxc6+ Ke7 46. Qxg6 Rxb2) 45. Bxc6 (45. Nf4+ $142 Kf5 46. Qf7+ Kg4 47. Nxg6 Qxa5 48. Kh2 Rh8+ {[%mdl 64] Decoy} 49. Nxh8 Qe5+ {[#]} 50. Kg1 $1 {[%mdl 512]} Qxh8 51. g6) 45... Qxa5 46. Bf3 Qb6 (46... Qf5 $142 47. Kg2 Rd7 {[%mdl 64] Decoy}) 47. Nf4+ Kd6 48. Qd5+ Ke7 49. Qe4+ Kf7 50. Qe5 Qd6 51. Bd5+ {White mates.} Kf8 52. Qh8+ Ke7 53. Qg7+ {Av CentiPawn Loss W=-65/B=-91. Weighted=-62/-139} 1-0

[Event "GER-ch Youth U14 2020"]
[Site "Willingen"]
[Date "2020.10.22"]
[Round "4.11"]
[White "Freude, Max"]
[Black "Hagner, Bennet"]
[Result "0-1"]
[WhiteElo "1850"]
[BlackElo "2080"]
[Annotator "TA"]
[PlyCount "114"]
[EventDate "2020.10.20"]
[EventType "swiss"]
[EventRounds "7"]
[EventCountry "GER"]
[SourceTitle "playchess.com"]
[Source "ChessBase"]
[SourceQuality "1"]

{[%evp 14,114,17,6,8,0,7,0,7,0,4,-6,31,33,50,24,59,23,24,0,0,8,33,0,0,-28,0,-6,0,0,10,-45,-25,-77,-42,-42,-42,-72,-62,-110,-112,-102,-96,-108,-108,-114,-104,-95,-101,-99,-108,-220,-210,-209,-191,-242,-235,-326,-314,-277,-258,-230,-239,-224,-47,-62,-50,-75,-25,-87,-75,-675,-293,-313,-114,-276,-114,-358,-358,-1327,-1030,-12839,-12839,-12840,-12840,-12841,-12842,-12843,-12843,-12844,-12844,-12844,-12842,-12842,-12843,-12843,-12843,-12843,-12843,-12845,-12844,-27996,-27999]} 1. e4 e5 2. Nf3 Nc6 3. Bb5 a6 4. Ba4 Nf6 5. O-O Be7 6. Bxc6 dxc6 7. d3 Bd6 8. Nbd2 Be6 {C85: Closed Ruy Lopez: Deferred Exchange Variation.} 9. b3 Nd7 10. Nc4 Bxc4 {The position is equal.} 11. bxc4 Qe7 {[#]} 12. Be3 $146 ({Predecessor:} 12. a4 a5 13. c3 O-O 14. Re1 Qe6 15. Qb3 c5 16. Nh4 b6 17. h3 Rad8 18. Be3 {0-1 (29) Packroff,H (2188)-Woelfelschneider,P (2324) GER email 2018}) 12... Rg8 13. c3 O-O-O 14. Rb1 g5 15. Qb3 {[%csl Gb1][%cal Rb3b7]} b6 $1 16. Qa4 Kb7 17. Nd2 Nb8 18. Nb3 {Hoping for c5.} c5 19. Nc1 g4 20. Ne2 Nc6 21. Ng3 Qe6 22. Rfd1 ({White should play} 22. f3 $11) 22... Ne7 23. Qb3 (23. Qc2 $11 {remains equal.}) 23... f5 (23... h5 {looks sharper.} 24. Nxh5 f5 25. d4 exd4 26. cxd4 cxd4 27. Bxd4 Bxh2+ 28. Kxh2 Rxd4 29. Rxd4 Qe5+) 24. exf5 Nxf5 25. Nxf5 Qxf5 26. d4 exd4 27. cxd4 cxd4 28. Bxd4 {[#]} Bxh2+ $1 {[%mdl 512]} 29. Kxh2 Rxd4 $1 {[%mdl 64] Remove Defender, Decoy} 30. Rxd4 Qe5+ {[%mdl 64] Double Attack} 31. Kg1 Qxd4 $17 {[%mdl 4096] Endgame KQR-KQR} 32. Rd1 (32. c5 $17 {might work better.} Rf8 33. cxb6 Qxf2+ 34. Kh1 Qh4+ 35. Kg1 Qf2+ 36. Kh1 Qh4+ 37. Kg1 Qf2+) 32... Qc5 $1 $19 33. Rd5 Qe7 {Threatens to win with ...Qe1+.} 34. Qd1 (34. Qc3 $142) 34... g3 35. Rd7 gxf2+ 36. Kxf2 Rf8+ 37. Kg1 Qc5+ 38. Qd4 Rf4 $2 ({Better is} 38... Rf5 $19 {And now ...Qxd4+ would win.} 39. Qxc5 Rxc5 40. Rxh7 Rxc4) 39. Qxc5 $15 bxc5 40. Rxh7 Rxc4 {KR-KR} 41. Rh3 (41. Kf2 $11) 41... Kc6 {Black converts the advantage convincingly.} 42. a3 $2 {[%mdl 8192]} (42. Kf2 $17) 42... Kb5 (42... Rf4 $142 43. Rf3 Rxf3 44. gxf3 Kb5) 43. Kf1 Ka4 $2 (43... Re4 $19 {has better winning chances.} 44. Rh7 c6) 44. Rd3 $2 (44. Rf3 $17 {is a better defense.}) 44... a5 (44... Rc1+ $1 $19 {and Black stays clearly on top.} 45. Ke2 Rc2+ 46. Rd2 Kb3) 45. Ke2 $2 {[#]} (45. Ke1 $17) 45... Rc2+ $1 $19 46. Kf3 $2 (46. Kd1 Rxg2 47. Kc1) 46... c4 {[%cal Bc5c4,Bc4c3][%mdl 32]} 47. Re3 c3 48. g4 Kb3 49. g5 Rd2 50. g6 Rd8 51. g7 Rg8 52. Re7 Kxa3 53. Rxc7 Kb2 54. Ke2 c2 55. Rb7+ {[#]} Kc1 $1 56. Ra7 {[#]} a4 $1 {[%mdl 512]} 57. Rxa4 Kb2 {Av CentiPawn Loss W=-94/B=-32. Weighted=-97/-44} 0-1